El punto de partida del filosofar

Gardado en:
Detalles Bibliográficos
Autor Principal: Frondizi, Risieri (Author)
Formato: Libro
Idioma:Lingua castelá
Publicado: Buenos Aires Losada 1945
Subjects:
Tags: Engadir etiqueta
Sen Etiquetas, Sexa o primeiro en etiquetar este rexistro!

MARC

LEADER 00000nam a2200000 a 4500
001 UCZ1373
003 CL-VaPUC
008 950824e19450000AG |||||||||||||||||spa|d
082 0 4 |a 101  |b FRO  |2 21 
100 0 |a Frondizi, Risieri  |e author  |9 344938 
245 1 3 |a El punto de partida del filosofar 
300 |a 164 p 
942 |c BK 
945 |d 19950824 00:00:00  |a aalvarez 
260 |a Buenos Aires  |b Losada  |c 1945 
650 0 |a Filosofía   |9 223554 
650 0 |a Valores (Filosofía)  |9 256541 
583 |a last modification  |c 19950824 00:00:00  |k Rodrigo Vera 
999 |c 238126  |d 238124 
952 |0 0  |1 0  |4 0  |6 101_000000000000000_FRO_1945  |7 0  |8 P  |9 248134  |a BIBEDU  |b BIBEDU  |c BIBEDU_PB  |d 2019-11-18  |i 3126919  |o 101 FRO 1945  |p 3126919  |r 2024-01-25  |w 2019-11-18  |y BK  |k FIL